Statistics for NBA Players who should have made the NBA 75th Anniversary Team

Click here to take the quiz!

General Stats

  • This quiz has been taken 42 times
  • The average score is 3 of 8

Answer Stats

PositionPlayer% Correct
CDwight Howard
76%
SFTracy McGrady
58%
SFVince Carter
47%
CNikola Jokic
29%
SGAlex English
24%
CDikembe Mutombo
24%
SFJoe Dumars
8%
SGChris Mullin
5%

Score Distribution

Percentile by Number Answered

Percent of People with Each Score

Your Score History

You have not taken this quiz